Conferencia dada en el balneario del Vichy catalán ante la Comisión de l'Asociación de Metics de la Llengua Catalana / (Record no. 62405)

MARC details
000 -LEADER
campo de control de longitud fija 00473nam a2200145 i 4500
001 - NÚMERO DE CONTROL
campo de control 62405
003 - IDENTIFICADOR DE NÚMERO DE CONTROL
campo de control ES-MaACL
005 - FECHA Y HORA DE LA ÚLTIMA TRANSACCIÓN
campo de control 20230906164648.0
007 - CAMPO FIJO DE DESCRIPCIÓN FÍSICA--INFORMACIÓN GENERAL
campo de control de longitud fija t|
008 - DATOS DE LONGITUD FIJA--INFORMACIÓN GENERAL
campo de control de longitud fija 031120s1916 sp ||||1| spa d
100 1# - ENTRADA PRINCIPAL--NOMBRE DE PERSONA
Nombre de persona Fernández, Mariano.
9 (RLIN) 49405
245 10 - MENCIÓN DEL TÍTULO
Título Conferencia dada en el balneario del Vichy catalán ante la Comisión de l'Asociación de Metics de la Llengua Catalana /
Mención de responsabilidad, etc. Mariano Fernández.
260 ## - PUBLICACIÓN, DISTRIBUCIÓN, ETC.
Lugar de publicación, distribución, etc. Madrid :
Nombre del editor, distribuidor, etc. [s.n.,
Fecha de publicación, distribución, etc. 1916]
852 ## - LOCALIZACIÓN
Ubicación ES-MaACL
Número de control de estantería 1561-F-21
Holdings
Estatus retirado Estado de pérdida Estado de daño No para préstamo Colección Biblioteca de origen Biblioteca actual Ubicación en estantería Fecha de adquisición Fuente de adquisición Total de préstamos Signatura topográfica completa Código de barras Visto por última vez Precio de reemplazo Tipo de ítem Koha
        Colección de folletos Biblioteca del Ateneo de Madrid Biblioteca del Ateneo de Madrid Depósito folletos 17/01/2008     1561-F-21 1065422 23/02/2023 23/02/2023 Folleto